| 000 | 01082nam a2200265Ia 4500 | ||
|---|---|---|---|
| 001 | 16160 | ||
| 003 | GE_BSU | ||
| 008 | 181216s||||||||xx |||||||||||||| ||und|| | ||
| 020 | _a9789941434976 | ||
| 040 | _cGE_BSU | ||
| 080 | _a398.33(479.223) | ||
| 100 | _aლომთათიძე, თამილა | ||
| 245 | _aხალხური აგრარული კალენდარული წეს-ჩვეულებები აჭარაში | ||
| 245 | _cრედ.ნანული ნოღაიდელი | ||
| 260 | _aბათუმი | ||
| 260 | _bბსუ | ||
| 300 | _a268გვ.21სმ. | ||
| 300 | _eბიბლ.გვ.221-237 | ||
| 520 | _aრეზ.რუსულ და ინგლის ენებზე | ||
| 541 | _h7ლ.64თ. | ||
| 653 | _aფოლკლორი | ||
| 653 | _aხალხური აგრარული კალენდარული წეს-ჩვეულებები აჭარაში | ||
| 653 | _aხალხური წეს ჩვეულებები | ||
| 942 | _cBK | ||
| 999 |
_c49246 _d49246 |
||